000 00623cab a22001935a 4500
001 L145642
008 081028e20081025xxkd f g 000 0 eng d
035 _a(Sirsi) u145642
041 0 _aeng
100 1 _aBevan, Ian
245 0 0 _aPick up the pieces
260 _c2008
490 _aEstates Gazette
_v(0842) 25 October 2008, 156-158(3)
520 _aArticle looks at what a tenant whose landlord is in liquidation or administration can do to protect its tenancy. Provides a flow chart to simplify the process.
590 _aKA
651 4 _aUnited Kingdom
_y
690 _aMANAGEMENT-CORPORATE RECOVERY
942 _n0
999 _c80914
_d80914